Name the places with the most bird species (North America) - Statistics

General Stats
  • This quiz has been taken 90 times
  • The average score is 24 of 102
Answer Stats
Ranking Number of species Hotspot name Location % Correct
2 376 Bosque del Apache National Wildlife Refuge NM
52%
3 372 Cape Island--Cape May Point NJ
49%
54 (tie) 332 Cape Island--Cape May Point--Coral Ave. dune crossing NJ
49%
8 (tie) 364 Cape Island--Cape May Point State Park NJ
49%
31 (tie) 342 Cape Island--Cape May Point State Park--Hawkwatch Platform NJ
49%
4 370 Point Pelee National Park ON
49%
61 (tie) 330 Point Pelee NP--Tip ON
49%
1 430 Southeast Farallon Island CA
49%
21 (tie) 350 Bentsen-Rio Grande Valley State Park TX
45%
87 (tie) 318 Big Bend National Park--Rio Grande Village TX
45%
6 367 Aransas National Wildlife Refuge (Aransas County) TX
44%
26 347 Montrose Point, Lincoln Park IL
44%
15 360 South Padre Island TX
44%
17 354 South Padre Island.--Birding and Nature Center TX
44%
10 (tie) 363 South Padre Island--WBC/Convention Center/Laguna Madre Trail TX
44%
54 (tie) 332 High Island TX
42%
33 341 High Island--Boy Scout Woods TX
42%
54 (tie) 332 High Island--Smith Oaks Sanctuary TX
42%
16 356 Point Reyes--Outer Point CA
42%
18 (tie) 353 Santa Ana National Wildlife Refuge TX
41%
14 361 Laguna Atascosa National Wildlife Refuge TX
39%
71 (tie) 325 Laguna Atascosa National Wildlife Refuge--HQ and Kiskadee Trail TX
39%
34 (tie) 340 Salton Sea--south end CA
39%
34 (tie) 340 Whitefish Point MI
38%
29 (tie) 344 Chincoteague National Wildlife Refuge VA
37%
71 (tie) 325 Bombay Hook National Wildlife Refuge DE
35%
42 337 Cape Island--Higbee Beach Wildlife Management Area NJ
34%
85 (tie) 319 Jamaica Bay Wildlife Refuge NY
34%
24 (tie) 349 Cape Island--South Cape May Meadows NJ
32%
10 (tie) 363 Cape Island (Cape May County south of the Cape May Canal) NJ
31%
81 (tie) 320 Galveston Island State Park TX
31%
66 (tie) 327 Galveston--Lafitte's Cove TX
31%
45 (tie) 335 Sabal Palm Sanctuary TX
31%
13 362 Sandy Hook NJ
31%
43 (tie) 336 Long Point--Tip ON
30%
48 (tie) 334 Anahuac National Wildlife Refuge TX
27%
66 (tie) 327 Dauphin Island AL
27%
24 (tie) 349 Estero Llano Grande State Park TX
27%
76 (tie) 322 Patagonia Lake State Park AZ
25%
45 (tie) 335 St. Mark's National Wildlife Refuge FL
25%
7 365 Parker River National Wildlife Refuge MA
24%
10 (tie) 363 Plum Island MA
24%
38 (tie) 339 Edwin B. Forsythe National Wildlife Refuge NJ
23%
81 (tie) 320 Edwin B. Forsythe NWR--Wildlife Drive (8-mile auto tour loop only) NJ
23%
78 (tie) 321 Carlsbad Caverns National Park--Rattlesnake Springs NM
21%
34 (tie) 340 Corpus Christi TX
21%
38 (tie) 339 Death Valley National Park--Furnace Creek CA
21%
27 346 Fort De Soto Park FL
21%
48 (tie) 334 Huntington Beach State Park SC
21%
59 (tie) 331 King Ranch--Norias Division (Kenedy County) TX
21%
71 (tie) 325 Pea Island National Wildlife Refuge NC
21%
34 (tie) 340 Point Pinos--general (sea & shore Coral to Jewell, Crespi Pond & cypresses) CA
21%
87 (tie) 318 Bolivar Flats Shorebird Sanctuary TX
20%
78 (tie) 321 Hammonasset Beach State Park CT
20%
18 (tie) 353 Lake Apopka North Shore--Orange County section FL
20%
92 (tie) 316 Riparian Preserve at Gilbert Water Ranch AZ
20%
81 (tie) 320 Sabine Woods TX
20%
21 (tie) 350 Goose Island State Park TX
18%
41 338 Arcata Marsh and Wildlife Sanctuary CA
17%
66 (tie) 327 Bodega Bay--harbor and immediate vicinity CA
17%
74 (tie) 324 Brazoria National Wildlife Refuge TX
17%
43 (tie) 336 Choke Canyon SP--Calliham Unit (McMullen County) TX
17%
20 352 Hornsby Bend TX
17%
66 (tie) 327 Port Aransas--Leonabelle Turnbull Birding Center TX
17%
59 (tie) 331 Quintana Neotropical Bird Sanctuary TX
17%
64 (tie) 328 IRWD San Joaquin Marsh & Wildlife Sanctuary CA
14%
31 (tie) 342 Bitter Lake National Wildlife Refuge NM
13%
5 368 Hayward Regional Shoreline CA
13%
87 (tie) 318 Presque Isle State Park (Important Bird Area) PA
13%
85 (tie) 319 Rio Grande Nature Center State Park NM
13%
97 (tie) 315 Willcox--Lake Cochise and Twin Lakes Golf Course AZ
13%
97 (tie) 315 Milford Point (Connecticut Audubon) CT
11%
8 (tie) 364 Andrew Molera State Park--Big Sur River mouth CA
10%
48 (tie) 334 Chatfield State Park CO
10%
64 (tie) 328 Cherry Creek State Park CO
10%
54 (tie) 332 Granger Lake Area TX
10%
28 345 Mitchell Lake Audubon Center TX
10%
45 (tie) 335 Pueblo Reservoir CO
10%
70 326 Back Bay National Wildlife Refuge VA
8%
97 (tie) 315 Chesapeake Bay Bridge-Tunnel (Northampton County) VA
8%
54 (tie) 332 Fort Morgan State Historic Site AL
8%
29 (tie) 344 Hazel Bazemore County Park TX
8%
63 329 Pollywog Pond TX
8%
92 (tie) 316 Red Slough Wildlife Management Area OK
8%
52 (tie) 333 San Bernard National Wildlife Refuge TX
8%
48 (tie) 334 Seal Island NS
8%
21 (tie) 350 Barr Lake State Park CO
7%
97 (tie) 315 Jones Beach State Park NY
7%
92 (tie) 316 Jones Beach State Park--West End NY
7%
97 (tie) 315 Riverlands Migratory Bird Sancturary MO
7%
97 (tie) 315 San Jacinto Wildlife Area CA
7%
92 (tie) 316 Ensley Bottoms--Maxson Wastewater Lagoons (The Pits)/Earth Complex TN
6%
38 (tie) 339 Hagerman National Wildlife Refuge TX
6%
61 (tie) 330 Packery Channel Park TX
6%
91 317 Point Mugu Naval Air Station CA
6%
78 (tie) 321 Prewitt Reservoir (Washington County) CO
4%
52 (tie) 333 Rondeau Provincial Park ON
4%
97 (tie) 315 Village Creek Drying Beds TX
4%
87 (tie) 318 Huntington Central Park CA
3%
81 (tie) 320 Port O'Connor TX
3%
74 (tie) 324 Galileo Hill--Silver Saddle Ranch and Club CA
1%
76 (tie) 322 Presqu'ile Provincial Park (general location) ON
1%
No matching quizzes found
Score Distribution
Percent of People with Each Score
Percentile by Number Answered
Your Score History
You have not taken this quiz